000 00688nam a2200205Ia 4500
003 GCL
005 20240530104604.0
008 140319s9999 xx 000 0 ara d
040 _aGCL /
_cGCL
082 0 4 _a953.708
_bس ب
100 1 _aسعيد الشهابى
245 1 0 _aالبحرين 1920 - 1971: قراءة فى الوثائق البريطانية /
_cسعيد الشهابى
300 _a375 ص
490 _aالهيئة العامة للاستعلامات
_v0
650 0 4 _aالتاريخ
650 0 4 _aالاحتلال البريطانى
650 0 4 _aالبحرين - تاريخ
650 0 4 _aالبحرين - تاريخ - العصر الحديث
942 _2ddc
_cBK
999 _c48969
_d48969